Chen Rongjie zhe xue lun wen ji /

Saved in:
Bibliographic Details
Main Author: Chan, Wing-tsit, 1901-1994.
Other Authors: Chen, Chengzhi.
Format: Book
Language:Chinese
Published: Hanover, N.H., Oriental Society, 1969.
Edition:Limited ed.
Series:Dong fang cong shu
Subjects:
Tags: Add Tag
No Tags, Be the first to tag this record!
LEADER 01379cam a2200361I 4500
001 007724086-3
005 20051207100845.0
008 730928s1969 nhu b 000 0 chi
010 |a c 68004959  
035 0 |a ocm00704060 
040 |a DLC  |c OBE  |d OCL  |d CUY  |d OCL  |d HMY 
041 0 |a chieng 
100 1 |a Chan, Wing-tsit,  |d 1901-1994. 
245 1 0 |6 880-01  |a Chen Rongjie zhe xue lun wen ji /  |c Chen Chengzhi ji = Neo-Confucianism, etc.: essays, by Wing-tsit Chan. 
250 |a Limited ed. 
260 |a Hanover, N.H.,  |b Oriental Society,  |c 1969. 
300 |a iii, 516, 129, 12, 1 p.  |c 22 cm. 
490 0 |6 880-02  |a Dong fang cong shu 
500 |a English and/or Chinese. 
500 |a "500 copies." 
500 |6 880-03  |a Guangdong Kaiping Chen Rongjie xian sheng nian pu Chen Chengzhi zuan ji p. 1-12 (4th group) 
500 |a Publications of Wing-tsit Chan: p. 501-516. 
504 |a Includes bibliographical references in notes. 
650 0 |a Philosophy, Chinese. 
650 0 |a Neo-Confucianism. 
700 1 |6 880-04  |a Chen, Chengzhi. 
880 1 0 |6 245-01  |a 陳榮捷哲學論文集 /  |c 陳澄之輯 = Neo-Confucianism, etc.: essays , by Wing-tsit Chan. 
880 0 |6 490-02  |a 東方叢書 
880 |6 500-03  |a 廣東開平陳榮捷先生年譜陳澄之纂輯 p. 1-12 (4th group) 
880 1 |6 700-04  |a 陳澄之. 
988 |a 20020608 
049 |a HMYH  |o d 
906 |0 DLC